Statistics for Biggest Cities of the British Columbia Interior on the Map

Click here to take the quiz!

General Stats

  • This quiz has been taken 37 times
  • The average score is 10 of 15

Answers on the Map

Answers color-coded by a green-red scale on the quiz's map according to % correct below.
 

Answer Stats

PopAreaCities% Correct
90.2 kThompsonKamloops
94%
127 kOkanaganKelowna
91%
74.0 kOminecaPrince George
81%
20.0 kKootenayCranbrook
69%
20.1 kPeace RiverFort St. John
66%
10.5 kKootenayNelson
66%
33.7 kOkanaganPenticton
66%
40.1 kOkanaganVernon
66%
12.1 kPeace RiverDawson Creek
63%
32.6 kOkanaganWest Kelowna
63%
9.8 kCaribooQuesnel
59%
17.7 kShuswapSalmon Arm
56%
10.7 kCaribooWilliams Lake
56%
7.7 kKootenayTrail
53%
8.0 kKootenayCastlegar
50%

Score Distribution

Percentile by Number Answered

Percent of People with Each Score

Your Score History

You have not taken this quiz